Runteli - Grilli Kuumana - sanat - Statistics

Yleistilastot
  • Tätä visaa on pelattu 5 kertaa
  • Keskiarvotulos 150 / 310
Vastaustilastot
Vastaus % Oikein
ku
100%
100%
makkara
100%
100%
auki
80%
et
80%
grilli
80%
hana
80%
hei
80%
hippi
80%
ja
80%
jo
80%
kaasuhanat
80%
kalaa
80%
kuumana
80%
mitä
80%
no
80%
on
80%
oo
80%
se
80%
sil
80%
syö
80%
tofu
80%
what
80%
bambi
60%
ei
60%
eläin
60%
hanat
60%
hauki
60%
huumehippi
60%
jos
60%
kaljaa
60%
lohta
60%
makkaraa
60%
mitäs
60%
monta
60%
näin
60%
nam
60%
nyt
60%
oikein
60%
olla
60%
ota
60%
paistaa
60%
paistuu
60%
pussia
60%
sitä
60%
syöksä
60%
tänne
60%
tofua
60%
töissä
60%
tulin
60%
tulit
60%
vallankumous
60%
vetskarit
60%
bambii
40%
jää
40%
jauhonakit
40%
kaukana
40%
käy
40%
kierii
40%
kivasti
40%
kun
40%
me
40%
mull
40%
mun
40%
niin
40%
norkoilee
40%
nurmikossa
40%
oluthana
40%
onko
40%
ottaa
40%
pitää
40%
pois
40%
rastat
40%
seuraavaks
40%
sisäpaistia
40%
täällä
40%
tai
40%
teet
40%
tollast
40%
tuolla
40%
vaan
40%
vähän
40%
vai
40%
aattelin
20%
ai
20%
avaa
20%
disneymäistä
20%
en
20%
että
20%
homo
20%
jes
20%
jota
20%
jotain
20%
kaasua
20%
kamoon
20%
kaveri
20%
kii
20%
kyllä
20%
lapsuuteen
20%
lihat
20%
makkarahanat
20%
miks
20%
mukanas
20%
mulle
20%
naamaa
20%
näinkö
20%
namnam
20%
ne
20%
niinku
20%
olis
20%
ostin
20%
pussais
20%
saatana
20%
savuu
20%
siellä
20%
sisäsisä
20%
söis
20%
suuri
20%
tarvii
20%
tiskiin
20%
toitko
20%
tota
20%
turpas
20%
vaikutus
20%
voi
20%
aatele
0%
aatelleeks
0%
aattelee
0%
alright
0%
bambilla
0%
eks
0%
frilli
0%
hanaolutta
0%
herkästi
0%
heti
0%
jauhanakit
0%
juodaanko
0%
juotaiskin
0%
kaikki
0%
kiusallista
0%
koska
0%
kumminkaan
0%
kumminkin
0%
laittaa
0%
laulaa
0%
mielummin
0%
minäminä
0%
miten
0%
multa
0%
muute
0%
oikeasti
0%
ollaan
0%
piät
0%
piirros
0%
porukkaa
0%
putos
0%
semmonen
0%
semmost
0%
semmosta
0%
sile
0%
sillei
0%
sisäfile
0%
täs
0%
tiiätsä
0%
tollei
0%
tosi
0%
tullut
0%
vittu
0%
voit
0%
yhtä
0%
Ehtoja vastaavia visoja ei löytynyt
Tulosjakauma
Jokaisen tuloksen saaneiden osuus
Persentiili vastausten määrän mukaan
Tuloshistoriasi
Et ole pelannut tätä visaa